Dobrovoľné nemocenské poistenie

Nemocenské poistenie, ktoré je poistením pre prípad straty alebo zníženia príjmu zo zárobkovej činnosti a na zabezpečenie príjmu v dôsledku dočasnej pracovnej neschopnosti, tehotenstva a materstva, je súčasťou sociálneho poistenia upraveného zákonom o sociálnom poistení. Kedy vzniká dobrovoľné nemoc...

Description complète

Enregistré dans:
Détails bibliographiques
Auteur principal: Mrukviová Tomiová, Sandra
Format: Chapitre de livre
Langue:slovaque
Sujets:
Tags: Ajouter un tag
Pas de tags, Soyez le premier à ajouter un tag!

MARC

LEADER 00000naa a2200000 4500
001 0296451
005 20240417075249.0
041 0 |a slo 
044 |a SK 
245 1 0 |a Dobrovoľné nemocenské poistenie  |c Sandra Mrukviová Tomiová 
520 |a Nemocenské poistenie, ktoré je poistením pre prípad straty alebo zníženia príjmu zo zárobkovej činnosti a na zabezpečenie príjmu v dôsledku dočasnej pracovnej neschopnosti, tehotenstva a materstva, je súčasťou sociálneho poistenia upraveného zákonom o sociálnom poistení. Kedy vzniká dobrovoľné nemocenské poistenie? Na čo má nárok poistenec? 
610 2 0 |a poistenie nemocenské 
610 2 0 |a poistenie sociálne 
610 2 0 |a zabezpečenie sociálne 
610 2 0 |a zákony 
610 2 0 |a legislatíva 
100 1 |a Mrukviová Tomiová, Sandra